| Tag |
First Indicator |
Second Indicator |
Subfields |
| LEADER |
00000cam a2200000Ia 4500 |
| 001 |
in00002714049 |
| 005 |
20151202141640.0 |
| 008 |
020814s1857 fr af j 000 0 fre d |
| 035 |
|
|
|a (OCoLC)ocm50408940
|
| 035 |
|
|
|a (OCoLC)50408940
|
| 040 |
|
|
|a AZS
|c AZS
|d OCLCQ
|d GZM
|d OCLCG
|d TEF
|d UtOrBLW
|
| 049 |
|
|
|a TXAM
|
| 050 |
|
4 |
|a BJ1632
|b .B47 1857
|
| 090 |
|
|
|a PQ1957.B455
|b A64 1857
|
| 100 |
1 |
|
|a Berquin,
|c M.
|q (Arnaud),
|d 1747-1791.
|
| 240 |
1 |
0 |
|a Ami des enfans
|
| 245 |
1 |
2 |
|a L'ami des enfants /
|c par Berquin ; précédé d'une notice par M.J.-B.-J. Champagnac.
|
| 264 |
|
1 |
|a Paris :
|b P.-C. Lehuby,
|c [1857]
|
| 300 |
|
|
|a iii, 440 pages, 12 unnumbered leaves of plates :
|b illustrations ;
|c 24 cm.
|
| 336 |
|
|
|a text
|b txt
|2 rdacontent
|
| 337 |
|
|
|a unmediated
|b n
|2 rdamedia
|
| 338 |
|
|
|a volume
|b nc
|2 rdacarrier
|
| 500 |
|
|
|a Date from BN.
|
| 500 |
|
|
|a Illustrated by A. Duruy.
|
| 510 |
3 |
|
|a BN
|
| 650 |
|
0 |
|a Moral education
|v Early works to 1800.
|
| 650 |
|
0 |
|a Children
|x Conduct of life
|v Early works to 1800.
|
| 650 |
|
0 |
|a Didactic literature, French.
|
| 700 |
1 |
|
|a Champagnac, J.-B.-J.
|q (Jean-Baptiste-Joseph),
|d 1796-1858.
|
| 948 |
|
|
|a cataloged
|b h
|c 2011/8/2
|d c
|e hgolay
|f 1:22:19 pm
|
| 994 |
|
|
|a C0
|b N/A
|
| 999 |
|
|
|a MARS
|
| 999 |
f |
f |
|s 6266955f-46c4-39cf-927a-f9e2cfe67011
|i 2f4ec8c4-0f66-3876-bead-6b455c50962b
|t 0
|
| 952 |
f |
f |
|p noncirc
|a Texas A&M University
|b College Station
|c Cushing Memorial Library & Archives
|d Cushing: Dawson French (Does not check out)
|t 0
|e PQ1957.B455 A64 1857
|h Library of Congress classification
|i unmediated -- volume
|
| 998 |
f |
f |
|a PQ1957.B455 A64 1857
|t 0
|l Cushing: Dawson French (Does not check out)
|